LEADER 01999 am 2200541 n 450 001 9910168751403321 005 20170327 010 $a2-7535-5299-1 024 7 $a10.4000/books.pur.42723 035 $a(CKB)3710000001127801 035 $a(FrMaCLE)OB-pur-42723 035 $a(oapen)https://directory.doabooks.org/handle/20.500.12854/58211 035 $a(PPN)202673944 035 $a(EXLCZ)993710000001127801 100 $a20170327j|||||||| ||| 0 101 0 $afre 135 $auu||||||m|||| 181 $ctxt$2rdacontent 182 $cc$2rdamedia 183 $acr$2rdacarrier 200 13$aLe renseignement américain $eEntre secret et transparence, 1947-2013 /$fGildas Le Voguer 210 $aRennes $cPresses universitaires de Rennes$d2017 215 $a1 online resource (214 p.) 311 $a2-7535-3307-5 330 $aLes révélations Snowden confirment qu?aux États-Unis le tiraillement entre impératifs du secret et exigences de transparence demeure vivace. Grâce aux révélations ponctuelles de ce genre et surtout à la mise à disposition régulière de fonds d?archives, il est possible de rendre compte de l?histoire du renseignement américain contemporain, jusqu?aux transformations qu?il a connues depuis les attentats du 11 septembre 2001. 606 $aPolitical Science 606 $aC.I.A 606 $arenseignement 606 $aespionnage 606 $asurveillance électronique 606 $aÉtats-Unis 610 $aC.I.A. 610 $aespionnage 610 $arenseignement 610 $aÉtats-Unis 610 $asurveillance électronique 615 4$aPolitical Science 615 4$aC.I.A. 615 4$arenseignement 615 4$aespionnage 615 4$asurveillance électronique 615 4$aÉtats-Unis 700 $aLe Voguer$b Gildas$01312770 801 0$bFR-FrMaCLE 906 $aBOOK 912 $a9910168751403321 996 $aLe renseignement américain$93030967 997 $aUNINA LEADER 01687nam 2200481 450 001 9910712875203321 005 20200402095932.0 035 $a(CKB)5470000002497428 035 $a(OCoLC)1137323963 035 $a(EXLCZ)995470000002497428 100 $a20200123d2000 ua 0 101 0 $aeng 135 $aurbn||||||||| 181 $ctxt$2rdacontent 182 $cc$2rdamedia 183 $acr$2rdacarrier 200 00$aEPA's commuter choice leadership initiative 210 1$a[Washington, D.C.] :$cU.S. Environmental Protection Agency, Office of Transportation and Air Quality, Air and Radiation,$d2000. 215 $a1 online resource (5 pages) 225 1 $aProgram announcement 300 $a"EPA420-F-00-043." 300 $a"October 2000." 606 $aEmployer-sponsored transportation$zUnited States 606 $aCommuting$zUnited States 606 $aChoice of transportation 606 $aChoice of transportation$2fast 606 $aCommuting$2fast 606 $aEmployer-sponsored transportation$2fast 607 $aUnited States$2fast 615 0$aEmployer-sponsored transportation 615 0$aCommuting 615 0$aChoice of transportation. 615 7$aChoice of transportation. 615 7$aCommuting. 615 7$aEmployer-sponsored transportation. 712 02$aUnited States.$bEnvironmental Protection Agency.$bOffice of Transportation and Air Quality, 712 02$aUnited States.$bEnvironmental Protection Agency.$bOffice of Air and Radiation, 801 0$bGPO 801 1$bGPO 906 $aBOOK 912 $a9910712875203321 996 $aEPA's commuter choice leadership initiative$93303935 997 $aUNINA